|
|
|
|
| LEADER |
00000nam a22000007a 4500 |
| 005 |
20130225164017.0 |
| 007 |
cr|||| |||| |
| 008 |
130225e2010 mx |||||s|||| 00||0 spa d |
| 020 |
|
|
|a 978-607-7620-01-03
|
| 035 |
|
|
|a 7063
|
| 040 |
|
|
|a vLex
|
| 090 |
|
|
|c 3751
|d 3751
|
| 100 |
1 |
0 |
|a Madroǫ Coso̕, Manuel Enrique
|
| 245 |
1 |
0 |
|a Administracin̤ financiera del Circulante
|h [Recurso electrn̤ico]
|
| 256 |
|
|
|a Servicio en ln̕ea
|
| 260 |
|
|
|a Mx̌ico D.F. :
|b Instituto Mexicano de Contadores Pb︢licos,
|c 2010
|
| 300 |
|
|
|a 1 Recurso electrn̤ico
|
| 650 |
0 |
4 |
|a Empresa
|y Mx̌ico
|
| 650 |
0 |
4 |
|a Economa̕
|z Mx̌ico
|
| 650 |
0 |
4 |
|a Administracin̤ (Management)
|
| 740 |
|
|
|a vLex
|
| 856 |
|
|
|a Acceso restringido
|u http://www.vlex.com/source/7063
|
| 942 |
|
|
|c BOOK
|
| 999 |
|
0 |
|a Enterprise
|